Significado psicosocial de la tortura. Etica y reparación.
| Corporate Author: | |
|---|---|
| Format: | Libro |
| Language: | English |
| Published: |
Santiago, Chile
FASIC
1990
|
| Subjects: |
MARC
| LEADER | 00000cam a2200000 a 4500 | ||
|---|---|---|---|
| 001 | 007901 | ||
| 003 | UAHC_CL | ||
| 005 | 20170803120412.0 | ||
| 008 | 010822b xx j 000 1 eng | ||
| 040 | |a UAHC_CL |c UAHC_CL |d UAHC_CL | ||
| 110 | 0 | |a FASIC | |
| 245 | 1 | 0 | |a Significado psicosocial de la tortura. Etica y reparación. |
| 260 | |b FASIC |c 1990 |a Santiago, Chile | ||
| 650 | 4 | |a TORTURA | |
| 650 | 4 | |a DERECHOS HUMANOS | |
| 900 | |a 323 PRO | ||
| 942 | |c BK | ||
| 999 | |c 7901 |d 7901 | ||